<?xml version="1.0" encoding="UTF-8"?>
<record
    xmlns:xsi="http://www.w3.org/2001/XMLSchema-instance"
    xsi:schemaLocation="http://www.loc.gov/MARC21/slim http://www.loc.gov/standards/marcxml/schema/MARC21slim.xsd"
    xmlns="http://www.loc.gov/MARC21/slim">

  <leader>00738nam a2200181Ia 4500</leader>
  <controlfield tag="008">151202s9999||||xx |||||||||||||| ||und||</controlfield>
  <datafield tag="082" ind1=" " ind2=" ">
    <subfield code="b">PNVM-76576</subfield>
  </datafield>
  <datafield tag="100" ind1=" " ind2=" ">
    <subfield code="a">&#x936;&#x947;&#x935;&#x921;&#x947; &#x938;&#x91A;&#x94D;&#x91A;&#x93F;&#x926;&#x93E;&#x928;&#x928;&#x94D;&#x926;</subfield>
  </datafield>
  <datafield tag="245" ind1=" " ind2=" ">
    <subfield code="a">&#x935;&#x93E;&#x91A;&#x93E; &#x906;&#x923;&#x93F; &#x917;&#x92A;&#x94D;&#x92A; &#x92C;&#x938;&#x93E;  </subfield>
  </datafield>
  <datafield tag="260" ind1=" " ind2=" ">
    <subfield code="b">"&#x928;&#x935;&#x91A;&#x948;&#x924;&#x928;&#x94D;&#x92F; &#x92A;&#x94D;&#x930;&#x915;&#x93E;&#x936;&#x928;,&#x92C;&#x94B;&#x930;&#x93F;&#x935;&#x932;&#x940;,&#x92E;&#x941;&#x902;&#x92C;&#x908; &#x92B;&#x94B;&#x928;-&#x966;&#x968;&#x968;&#x968;&#x96E;&#x96C;&#x96A;&#x96B;&#x968;&#x967;&#x968;"</subfield>
  </datafield>
  <datafield tag="260" ind1=" " ind2=" ">
    <subfield code="c">2011</subfield>
  </datafield>
  <datafield tag="300" ind1=" " ind2=" ">
    <subfield code="a">192</subfield>
  </datafield>
  <datafield tag="600" ind1=" " ind2=" ">
    <subfield code="a">&#x936;&#x947;&#x935;&#x921;&#x947; &#x938;&#x91A;&#x94D;&#x91A;&#x93F;&#x926;&#x93E;&#x928;&#x928;&#x94D;&#x926;</subfield>
  </datafield>
  <datafield tag="630" ind1=" " ind2=" ">
    <subfield code="a">&#x935;&#x93E;&#x91A;&#x93E; &#x906;&#x923;&#x93F; &#x917;&#x92A;&#x94D;&#x92A; &#x92C;&#x938;&#x93E;  </subfield>
  </datafield>
  <datafield tag="700" ind1=" " ind2=" ">
    <subfield code="a">&#x936;&#x947;&#x935;&#x921;&#x947; &#x938;&#x91A;&#x94D;&#x91A;&#x93F;&#x926;&#x93E;&#x928;&#x928;&#x94D;&#x926;</subfield>
  </datafield>
  <datafield tag="730" ind1=" " ind2=" ">
    <subfield code="a">&#x935;&#x93E;&#x91A;&#x93E; &#x906;&#x923;&#x93F; &#x917;&#x92A;&#x94D;&#x92A; &#x92C;&#x938;&#x93E;  </subfield>
  </datafield>
  <datafield tag="942" ind1=" " ind2=" ">
    <subfield code="c">BOOK</subfield>
  </datafield>
  <datafield tag="999" ind1=" " ind2=" ">
    <subfield code="c">1343235</subfield>
    <subfield code="d">1343232</subfield>
  </datafield>
  <datafield tag="952" ind1=" " ind2=" ">
    <subfield code="0">0</subfield>
    <subfield code="1">0</subfield>
    <subfield code="4">0</subfield>
    <subfield code="7">0</subfield>
    <subfield code="a">PNVM</subfield>
    <subfield code="b">PNVM</subfield>
    <subfield code="d">2015-06-28</subfield>
    <subfield code="g">185.00</subfield>
    <subfield code="l">0</subfield>
    <subfield code="o">PNVM-76576</subfield>
    <subfield code="p">PNVM-76576</subfield>
    <subfield code="r">2015-12-02 00:00:00</subfield>
    <subfield code="v">185.00</subfield>
    <subfield code="w">2015-12-02</subfield>
    <subfield code="y">BOOK</subfield>
  </datafield>
</record>
